000 00688nam a2200241Ia 4500
003 OSt
005 20220918222456.0
006 a|||||r|||| 00| 0
007 ta
008 220917b |||||||| |||| 00| 0 eng d
024 _a217,001
037 _cTextual
040 _aARTS
_cARTS
_beng
041 _2eng
_aeng
082 _aR631x2,1,2, 111M9
100 _aBhattacharya Vidhushekhara Ed.
_9143250
245 0 _aAgama sastra of Gaudapada
260 _aDelhi
_bMotilal Banarsidass India
_c1989
300 _aCxLvi, 308p.
_ccm.
650 _aYOGA
_92333
942 _hR631x2,1,2, 111M9
_cTEXL
_2CC
999 _c275626
_d275626